| 000 | 00598pam a2200205 a 4500 | ||
|---|---|---|---|
| 020 | _a0803921454 | ||
| 020 | _a0803921462 (pbk.) | ||
| 040 | _cDLC | ||
| 082 | 0 | 0 | _a306 SAG 1986 A065 Or. |
| 100 | 1 | _aLaRossa, Ralph. | |
| 245 | 1 | 0 | _aBecoming a parent / |
| 260 |
_aBeverly Hills : _bSage Publications, _cc1986. |
||
| 300 |
_a135 p. ; _c23 cm. |
||
| 500 | _aIncludes indexes. | ||
| 650 | 0 | _aParenthood. | |
| 650 | 0 | _aParenting | |
| 856 | 4 | 2 | _uhttp://www.loc.gov/catdir/enhancements/fy0654/85030246-d.html |
| 856 | 4 | 1 | _uhttp://www.loc.gov/catdir/enhancements/fy0654/85030246-t.html |
| 942 | _cEK | ||
| 999 |
_c14300 _d14300 |
||